00484nam a22001577a 450000500170000001000150001702000260003203500140005803700090007208200140008110000180009524500520011326000480016527000920021330000210030520231205161856.0 aENG-137773 a9788183151610c900.00 aEN-121304 bDBAD a32322011 aJha, Ujjawala aDharmasastra and Human Right/cBy Ujjawala Jha c2011aDelhibNew bhartiya book corporation  a208,2nd floor Prakash Deep Building,4735/22, Ansari Road, Darya ganj,New Delhi - 110002 a395p.c23cm(Hbk)